| 000 | 01971nam a2200373 a 4500 | ||
|---|---|---|---|
| 001 | ebr10579348 | ||
| 003 | CaPaEBR | ||
| 006 | m u | ||
| 007 | cr cn||||||||| | ||
| 008 | 090630s2010 ctu sb 001 0 eng d | ||
| 010 | _z 2009026500 | ||
| 020 | _z9780300139341 (ci alk. paper) | ||
| 020 | _z9780300168402 (ci alk. paper) | ||
| 020 | _z9780300168402 (e-book) | ||
| 040 |
_aCaPaEBR _cCaPaEBR |
||
| 035 | _a(OCoLC)801194711 | ||
| 050 | 1 | 4 |
_aD13.2 _b.T74 2010eb |
| 082 | 0 | 4 |
_a907.2 _222 |
| 100 | 1 |
_aTrevor-Roper, H. R. _q(Hugh Redwald), _d1914-2003. |
|
| 245 | 1 | 0 |
_aHistory and the Enlightenment _h[electronic resource] / _cHugh Trevor-Roper ; [edited by John Robertson]. |
| 260 |
_aNew Haven : _bYale University Press, _cc2010. |
||
| 300 | _axxvi, 314 p. | ||
| 504 | _aIncludes bibliographical references and index. | ||
| 505 | 0 | _aThe historical philosophy of the Enlightenment -- The Scottish Enlightenment -- Pietro Giannone and Great Britain -- Dimitrie Cantemir's Ottoman history and its reception in England -- From deism to history: Conyers Middleton -- David Hume, historian -- The idea of the decline and fall of the Roman Empire -- Gibbon and the publication of the Decline and fall of the Roman Empire 1776-1976 -- Gibbon's last project -- The romantic movement and the study of history -- Lord Macaulay: the history of England -- Thomas Carlyle's historical philosophy -- Jacob Burckhardt. | |
| 533 |
_aElectronic reproduction. _bPalo Alto, Calif. : _cebrary, _d2011. _nAvailable via World Wide Web. _nAccess may be limited to ebrary affiliated libraries. |
||
| 650 | 0 | _aHistoriography. | |
| 650 | 0 |
_aEnlightenment _xInfluence. |
|
| 650 | 0 |
_aHistory _xPhilosophy. |
|
| 650 | 0 | _aHistorians. | |
| 655 | 7 |
_aElectronic books. _2local |
|
| 700 | 1 |
_aRobertson, John, _d1951- |
|
| 710 | 2 | _aebrary, Inc. | |
| 856 | 4 | 0 |
_uhttp://site.ebrary.com/lib/rucke/Doc?id=10579348 _zAn electronic book accessible through the World Wide Web; click to view |
| 999 |
_c85815 _d85815 |
||